000 00399nam a2200133Ia 4500
001 3332
008 241024s9999 xx 000 0 und d
082 _aRD/972.9354/P438v
100 _aRafael Pérez Modesto
245 0 _aVivencias de un guerrillero. Testimonio de un combatiente del frente Juan de Dios Ventura Simó
260 _bEd. Búho
_c2008
901 _a9/10/2013 3:51:06 p.m.
999 _c7549
_d7549